[Event "XXIV Open"]
[Site "Cappelle La Grande FRA"]
[Date "2008.02.19"]
[Round "5"]
[White "Cieza,A"]
[Black "Shneider,Alek"]
[Result "0-1"]
[WhiteElo "2294"]
[BlackElo "2532"]

1.e4 c5 2.Nf3 d6 3.Bb5+ Bd7 4.a4 Nc6 5.O-O Nf6 6.Re1 e6 7.c3 a6 8.Bf1 Rc8
9.d4 cxd4 10.Nxd4 Be7 11.g3 O-O 12.Bg2 Qb6 13.Nxc6 Bxc6 14.Qe2 d5 15.e5 Ne4
16.b4 f5 17.Be3 Qc7 18.Bd4 Qd7 19.f3 Ng5 20.Qd1 f4 21.g4 Nf7 22.Re2 Bh4 23.Rea2 Ng5
24.Nd2 h5 25.h3 hxg4 26.hxg4 Qf7 27.Qb1 Qe8 28.Qd3 Bg3 29.Bc5 Nf7 30.Bd4 Bd7
31.Nb3 Qd8 32.Nc5 Rxc5 33.bxc5 Qh4 34.Rb1 Bc6 35.Qg6 Qe7 36.Rb6 Nd8 37.Kf1 Be8
38.Qb1 Qg5 39.Rxb7 Bg6 40.Qb6 Bd3+ 41.Kg1 Qh4 42.Bf1 Bxf1 43.Kxf1 Qh1+ 44.Ke2 Qg2+
45.Kd1 Qxa2 46.Rb8 Qxa4+ 47.Kc1 Nc6 48.Rxf8+ Kxf8 49.Qc7 Ne7 50.c6 Qxc6 51.Qa7 Nc8
52.Qb8 Bh4 53.Qb1 Kg8 54.Qb2 Ne7 55.Qh2 Ng6 56.Qc2 Kf7 57.Qa2 Qb5 58.Kd2 Qf1
59.Qa5 Be1+ 60.Kc2 Qe2+ 61.Kb3 Qb5+  0-1

[Event "XXIV Open"]
[Site "Cappelle La Grande FRA"]
[Date "2008.02.20"]
[Round "6"]
[White "Platel,A"]
[Black "Bessat,R"]
[Result "0-1"]
[WhiteElo "2248"]
[BlackElo "1981"]

1.e4 c5 2.Nf3 d6 3.Bb5+ Bd7 4.Bxd7+ Qxd7 5.O-O Nc6 6.c3 Nf6 7.d4 e5 8.Re1 g6
9.Na3 O-O-O 10.d5 Ne7 11.b4 cxb4 12.cxb4 Kb8 13.b5 Nc8 14.Qa4 Ne8 15.Be3 f5
16.Rec1 Nc7 17.Ng5 f4 18.Ne6 Nxe6 19.dxe6 Qxe6 20.Rxc8+ Kxc8 21.Bxa7 Kd7
22.Nc4 Ke7 23.Nb6 Kf7 24.f3 Be7 25.Nd5 Rc8 26.Bf2 g5 27.Qb3 h5 28.a4 g4 29.Kf1 Rhg8
30.b6 g3 31.hxg3 fxg3 32.Be3 h4 33.Ke2 Bg5 34.Bxg5 Rxg5 35.Rh1 Rh5 36.a5 Kg7
37.a6 bxa6 38.b7 Rb8 39.Qb6 Qd7 40.Rb1 h3 41.gxh3 Rxh3 42.Qa7 Rh2+ 43.Kd3 Qa4
44.Ne3 Kf7 45.Rc1 Qb5+ 46.Rc4 Qb3+ 47.Rc3 Rxb7 48.Qxa6 Qb5+ 49.Qxb5 Rxb5
50.Rc7+ Ke8 51.Rg7 Rb3+  0-1

[Event "6th Festival Gp A"]
[Site "Nancy FRA"]
[Date "2008.02.21"]
[Round "5"]
[White "Riff,JN"]
[Black "Gozzoli,Y"]
[Result "1/2-1/2"]
[WhiteElo "2474"]
[BlackElo "2510"]

1.e4 c5 2.Nf3 d6 3.Bb5+ Bd7 4.Bxd7+ Qxd7 5.c4 Nf6 6.Nc3 g6 7.d4 cxd4 8.Nxd4 Bg7
9.O-O O-O 10.f3 Rc8 11.b3 d5 12.exd5 Nxd5 13.Nxd5 e6 14.Bh6 exd5 15.Bxg7 Kxg7
16.Nb5 dxc4 17.Nd6 Rd8 18.Nxb7 Qxd1 19.Rfxd1 Rxd1+ 20.Rxd1 cxb3 21.axb3 Nc6
22.Rd7 Re8 23.Nd6 Re7 24.Rxe7 Nxe7 25.Kf2  1/2-1/2

[Event "25th Festival Open A"]
[Site "Bled SLO"]
[Date "2008.02.24"]
[Round "2"]
[White "Barle,J"]
[Black "Cebalo,M"]
[Result "1-0"]
[WhiteElo "2396"]
[BlackElo "2547"]

1.e4 c5 2.Nf3 d6 3.Bb5+ Nc6 4.O-O Bd7 5.Re1 Nf6 6.c3 a6 7.Ba4 b5 8.Bc2 e5
9.d4 Qc7 10.a4 Rb8 11.axb5 axb5 12.Bg5 Be7 13.dxc5 dxc5 14.Nbd2 Be6 15.Nf1 Rd8
16.Qb1 h6 17.Bxf6 Bxf6 18.Ne3 O-O 19.b3 b4 20.c4 Nd4 21.Bd1 Bg5 22.Nd5 Bxd5
23.exd5 Nxf3+ 24.Bxf3 f5 25.Ra6 e4 26.Rc6 Qe5 27.g3 Bd2 28.Rd1 Ra8 29.Bg2 Qc3
30.d6 Qe5 31.Qc2 e3 32.fxe3 Bxe3+ 33.Kh1 Bd4 34.d7 Rad8 35.Bd5+ Kh8 36.Re6 Qc7
37.Bc6 Rxd7 38.Bxd7 Qxd7 39.Qe2 Qb7+ 40.Qg2 Qxg2+ 41.Kxg2 Ra8 42.Rf1 Ra2+
43.Kh3 Rb2 44.Rxf5 Rxb3 45.Kg4 Rc3 46.Kh5 Kh7 47.Rf7 Rxc4 48.Rb7 Rc2 49.Rxh6+ Kg8
50.Kg6 Rf2 51.Rb8+ Rf8 52.Rh8+  1-0

[Event "Masters"]
[Site "Bunratty IRL"]
[Date "2008.02.24"]
[Round "5"]
[White "Wall,G"]
[Black "Gunnarsson,J"]
[Result "1/2-1/2"]
[WhiteElo "2305"]
[BlackElo "2429"]

1.e4 c5 2.Nf3 d6 3.Bb5+ Bd7 4.a4 Nc6 5.d3 e6 6.O-O Nf6 7.Nbd2 Be7 8.Nc4 O-O
9.Bg5 Ne8 10.Bxe7 Qxe7 11.d4 cxd4 12.Nxd4 Rd8 13.Ra3 Nf6 14.Re1 a6 15.Bxc6 Bxc6
16.Nxc6 bxc6 17.Qe2 d5 18.Ne5 Qd6 19.exd5 cxd5 20.c4 dxc4 21.Nxc4 Qb4  1/2-1/2

[Event "XI Open"]
[Site "Malaga ESP"]
[Date "2008.02.25"]
[Round "4"]
[White "Cori,J"]
[Black "Hernandez Munoz,A"]
[Result "1-0"]
[WhiteElo "2346"]
[BlackElo "2075"]

1.e4 c5 2.Nf3 d6 3.Bb5+ Bd7 4.Bxd7+ Nxd7 5.c4 Ngf6 6.Nc3 e5 7.O-O a6 8.d3 Rb8
9.a4 Be7 10.Nh4 Nf8 11.Nf5 g6 12.Ne3 Ne6 13.Ned5 Nxd5 14.Nxd5 Nc7 15.Nxe7 Qxe7
16.f4 Ne6 17.f5 Nd4 18.Be3 Nc6 19.Qg4 Nb4 20.Qe2 b6 21.Rf3 Rb7 22.Raf1 Qd8
23.Rh3 b5 24.axb5 axb5 25.fxg6 fxg6 26.cxb5 Rxb5 27.d4 Qd7 28.dxe5 dxe5 29.Rd1 Qc6
30.Bh6 c4 31.Rc3 Rc5 32.Ra1 Nd3 33.Rca3 Qd7 34.Ra7 Qe6 35.R1a6 Rc6 36.Ra8+ Kd7
37.R6a7+ Rc7 38.Rxh8 Rxa7 39.Rxh7+ Qe7 40.Rxe7+ Kxe7 41.h4 Ra1+ 42.Kh2 Rb1
43.Qc2 Rxb2 44.Qxc4 Ne1 45.Bg5+ Kf8 46.Qc1  1-0

[Event "4th Rectors Cup"]
[Site "Belgorod RUS"]
[Date "2008.02.27"]
[Round "3"]
[White "Ivanov,AA"]
[Black "Gubajdullin,A"]
[Result "1-0"]
[WhiteElo "2430"]
[BlackElo "2504"]

1.e4 c5 2.Nf3 d6 3.Bb5+ Bd7 4.Bxd7+ Nxd7 5.d4 cxd4 6.Nxd4 Ngf6 7.Nc3 g6 8.O-O Bg7
9.Qe2 O-O 10.Be3 Qa5 11.Rad1 Rac8 12.Nb3 Qc7 13.f4 e5 14.f5 Nb6 15.Bg5 Qc4
16.Qe3 Na4 17.Na5 Qb4 18.Nxa4 Qxa4 19.Bxf6 Bxf6 20.fxg6 fxg6 21.Qb3+ Qxb3
22.cxb3 Rc2 23.Nxb7 Rxb2 24.Rf2 Rxf2 25.Kxf2 Be7+ 26.Ke2 Rc8 27.Rd2 Rc6 28.Na5 Rb6
29.Nc4 Rc6 30.g3 h5 31.Rd5 Kg7 32.Rb5 Kf6 33.Rb7 a6 34.Kd3 Ke6 35.Ne3 Rc1
36.Ra7 Rh1 37.Nd5 Bd8 38.Ra8 Kd7 39.Rxa6 Rxh2 40.Ra7+ Kc8 41.Kc4 Rc2+ 42.Kb5 Rc5+
43.Ka4 Rc1 44.b4 Rc2 45.Kb5 g5 46.a4 h4 47.gxh4 gxh4 48.Rh7 Re2 49.Kc6 Rxe4
50.Rh8 Rc4+ 51.Kxd6  1-0

[Event "10th Rector Cup"]
[Site "Kharkiv UKR"]
[Date "2008.02.27"]
[Round "1"]
[White "Harutjunyan,G"]
[Black "Brodsky,M"]
[Result "1/2-1/2"]
[WhiteElo "2423"]
[BlackElo "2572"]

1.e4 c5 2.Nf3 d6 3.Bb5+ Bd7 4.Bxd7+ Qxd7 5.c4 Nf6 6.Nc3 g6 7.d4 cxd4 8.Nxd4 Bg7
9.O-O O-O 10.f3 Rc8 11.b3 d5 12.exd5 Nxd5 13.Nxd5 e6 14.Bh6 exd5 15.Bxg7 Kxg7
16.cxd5 Qxd5 17.Ne2 Qc5+ 18.Qd4+ Qxd4+ 19.Nxd4 Nc6 20.Rad1 Nxd4 21.Rxd4 Rc2
22.Rf2 Rac8 23.Rd7 Rxf2 24.Kxf2 Rc2+ 25.Kg3  1/2-1/2

[Event "58th ch-RUS w 1st liga"]
[Site "Smolensk RUS"]
[Date "2008.02.27"]
[Round "1"]
[White "Kuznetsova,T"]
[Black "Romanko,M"]
[Result "0-1"]
[WhiteElo "2051"]
[BlackElo "2322"]

1.e4 c5 2.Nf3 d6 3.Bb5+ Nc6 4.Bxc6+ bxc6 5.O-O e5 6.c3 Bg4 7.d4 cxd4 8.cxd4 Bxf3
9.Qxf3 exd4 10.e5 d5 11.Re1 Rb8 12.Nd2 c5 13.Nb3 Be7 14.e6 Nf6 15.exf7+ Kxf7
16.Bg5 Re8 17.Re5 h6 18.Bh4 Rc8 19.Rae1 Qd6 20.Qf5 g6 21.Qh3 h5 22.Re6 Bf8
23.Rxf6+ Qxf6 24.Qd7+ Kg8 25.Rxe8 Rxe8 26.Qxe8 Qxh4 27.Qxg6+ Kh8 28.Qf7 Qd8
29.Qxh5+ Kg8 30.Qg6+ Kh8 31.g3 d3 32.Qh5+ Kg8 33.Qg6+ Kh8 34.Nd2 c4 35.Nf3 Qd6
36.Qh5+ Kg7 37.Ne5 Qe6 38.Qg5+ Kh7 39.Ng4 Bg7 40.Qh5+ Kg8 41.Qg5 d4 42.Qd8+ Kf7
43.Qc7+ Kg6 44.Qf4 d2 45.Qxd2 Qxg4 46.Qc2+ d3 47.Qa4 Qe4 48.Qd7 Bxb2 49.Qd6+ Bf6
50.h4 Qe5 51.Qf8 d2 52.Qg8+ Bg7 53.Qd8 Qe1+ 54.Kg2 d1=Q 55.Qg5+ Kf7 56.Qf5+ Bf6
57.Qh7+ Ke6 58.Qg8+ Kd7 59.Qh7+ Kc6  0-1

[Event "10th Rector Cup w"]
[Site "Kharkiv UKR"]
[Date "2008.02.28"]
[Round "2"]
[White "Bulmaga,I"]
[Black "Grapsa,G"]
[Result "1-0"]
[WhiteElo "2132"]
[BlackElo "2103"]

1.e4 c5 2.Nf3 d6 3.Bb5+ Bd7 4.Bxd7+ Qxd7 5.c4 Nc6 6.Nc3 e5 7.Nd5 Nge7 8.d3 Nxd5
9.exd5 Nd4 10.Nxd4 exd4 11.O-O Be7 12.b4 b6 13.Qf3 O-O 14.Bd2 Qa4 15.Rfe1 Rfe8
16.b5 Bf8 17.Qd1 Rxe1+ 18.Bxe1 Qxd1 19.Rxd1 a5 20.a4 Be7 21.Bd2 Re8 22.Re1 f5
23.Re6 Kf7 24.Kf1 Bf8 25.Rxe8 Kxe8 26.Ke2 Be7 27.Kf3 h6 28.g4 fxg4+ 29.Kxg4 Kf7
30.h4 Bd8 31.h5 Be7 32.Kf5 Bf6 33.Bf4 Ke7 34.Kg6 Bh4 35.f3 Bf6 36.Bg3 Kd7
37.Kf7  1-0

[Event "XI Open"]
[Site "Malaga ESP"]
[Date "2008.02.28"]
[Round "7"]
[White "Quillan,G"]
[Black "James,Dav"]
[Result "1/2-1/2"]
[WhiteElo "2362"]
[BlackElo "2198"]

1.e4 c5 2.Nf3 d6 3.Bb5+ Nd7 4.d4 cxd4 5.Qxd4 e5 6.Qd3 h6 7.O-O a6 8.Bxd7+ Bxd7
9.Nbd2 Be6 10.a4 Be7 11.b3 Nf6 12.a5 O-O 13.Re1 d5 14.Nxe5 dxe4 15.Nxe4 Qxd3
16.Nxd3 Nxe4 17.Rxe4 Bf6 18.Rb1 Rac8 19.Re2 Bf5 20.Ne1 Rc6 21.Bb2 Rfc8 22.Bxf6 Rxf6
23.Rd1 Rfc6 24.c4 b6 25.Re5 Bg6 26.Ra1 Rb8 27.Ra3 f6 28.Rd5 Bf7 29.Rd3 b5
30.cxb5 Rxb5 31.f3  1/2-1/2

[Event "II ch-Ibero-Americano Gp B"]
[Site "Linares ESP"]
[Date "2008.02.29"]
[Round "2"]
[White "Bachmann,Ax"]
[Black "Bruzon Batista,L"]
[Result "1-0"]
[WhiteElo "2505"]
[BlackElo "2607"]

1.e4 c5 2.Nf3 d6 3.Bb5+ Bd7 4.Bxd7+ Nxd7 5.O-O Ngf6 6.Qe2 e6 7.c4 Be7 8.Nc3 O-O
9.d4 cxd4 10.Nxd4 a6 11.b3 Qb6 12.Rd1 Rfe8 13.Bb2 Bf8 14.Kh1 Rac8 15.Rac1 g6
16.f4 Qa5 17.Qf3 Rc7 18.g4 Bg7 19.Na4 b5 20.Bc3 b4 21.Be1 Nc5 22.a3 Nxa4
23.axb4 Qb6 24.bxa4 Rec8 25.e5 dxe5 26.c5 Qb8 27.fxe5 Nd5 28.Qe4 Bf8 29.Rb1 Qa8
30.c6 Rxc6 31.Nxc6 Rxc6 32.b5 axb5 33.axb5 Rc7 34.b6 Rb7 35.Rxd5 exd5 36.Qxd5 Bc5
37.Ba5 Be7 38.Rf1 Qa6 39.Qxf7+ Kh8 40.Bc3 Qd3 41.Rf3 Qd1+ 42.Kg2  1-0

[Event "Lendas do Xadrez"]
[Site "Rio de Janeiro BRA"]
[Date "2008.02.29"]
[Round "1"]
[White "Chauca,J"]
[Black "Fontes,C1"]
[Result "1-0"]
[WhiteElo "2186"]
[BlackElo "2232"]

1.e4 c5 2.Nf3 d6 3.Bb5+ Nc6 4.O-O Bd7 5.Re1 a6 6.Bxc6 Bxc6 7.d4 cxd4 8.Nxd4 Nf6
9.Nxc6 bxc6 10.c4 g6 11.Nc3 Bg7 12.Qa4 Qd7 13.h3 O-O 14.Be3 Qe6 15.c5 dxc5
16.Bxc5 Rfd8 17.Rad1 Nd7 18.Bd4 Ne5 19.f4 Nc4 20.Bxg7 Rxd1 21.Nxd1 Kxg7 22.b3 Nd6
23.Qxc6 Rc8 24.Qxa6 Rc1 25.e5 Qd5 26.exd6 Rxd1 27.Rxd1 Qxd1+ 28.Qf1 Qd4+
29.Qf2 Qxd6 30.Qe3 f6 31.a4 e5 32.fxe5 fxe5 33.a5 Qd1+ 34.Kh2 e4 35.Qxe4 Qd6+
36.g3 Qd2+ 37.Qg2 Qxa5 38.Qb2+ Kh6 39.b4 Qb5 40.h4 Qf1 41.b5 g5 42.hxg5+ Kxg5
43.Qg7+ Kh5 44.Qxh7+ Kg5 45.Qh4+ Kg6 46.Qg4+ Kh7 47.Qh3+  1-0

[Event "24th Open"]
[Site "Bad Woerishofen GER"]
[Date "2008.03.01"]
[Round "3"]
[White "Wohl,A"]
[Black "Borovikov,V"]
[Result "0-1"]
[WhiteElo "2418"]
[BlackElo "2583"]

1.e4 c5 2.Nf3 d6 3.Bb5+ Bd7 4.Bxd7+ Qxd7 5.O-O Nf6 6.Re1 Nc6 7.Nc3 e6 8.d4 cxd4
9.Nxd4 Be7 10.Nxc6 Qxc6 11.Qd3 O-O 12.Bg5 Rac8 13.Rad1 Qb6 14.Re3 Rfe8 15.Qe2 Qxb2
16.Rb1 Qa3 17.Bxf6 Bxf6 18.Nd5 Qxa2 19.Nxf6+ gxf6 20.Re1 Qa5 21.e5 fxe5 22.Qh5 Kf8
23.Rb1 Qc7 24.Rf3 f5 25.Qh6+ Qg7 26.Qd2 f4 27.Qxd6+ Kg8 28.Rfb3 Rcd8 29.Qb4 b6
30.g3 Kh8 31.Qb5 Rf8 32.Re1 Rd5 33.Qe2 Qf6 34.Rc3 Qf5 35.Rc7 f3 36.Qf1 a5
37.h3 Rfd8 38.g4 Qf4 39.Re7 Rg8 40.Rxe6 Rxg4+ 41.Kh1 Rg2 42.Re8+ Kg7  0-1

[Event "3rd l'Ouest Toulousain Open"]
[Site "Colomiers FRA"]
[Date "2008.03.01"]
[Round "8"]
[White "Kasparova,T"]
[Black "Babaev,Ra"]
[Result "1/2-1/2"]
[WhiteElo "2167"]
[BlackElo "2468"]

1.e4 c5 2.Nf3 d6 3.Bb5+ Nc6 4.Bxc6+ bxc6 5.O-O e5 6.d3 Be7 7.Nbd2 Nf6 8.Re1 Bg4
9.c3 O-O 10.Qa4 Qc7 11.d4 cxd4 12.cxd4 Nd7 13.dxe5 dxe5 14.h3 Be6 15.Qc2 f5
16.exf5 Rxf5 17.Nd4 exd4 18.Rxe6 Re5 19.Rxc6 Re1+ 20.Nf1 Qe5 21.Qc4+ Kh8
22.Bf4 Rxf1+ 23.Rxf1 Qxf4 24.Rd1 Nb6 25.Qxd4 Qf8 26.Qc3 Bf6 27.Qc2 h6 28.b3 Re8
29.a4 Qb4 30.g3 a5  1/2-1/2

[Event "4NCL 2007-8"]
[Site "Wokefield Park ENG"]
[Date "2008.03.01"]
[Round "7"]
[White "Ferguson,M"]
[Black "King,D"]
[Result "0-1"]
[WhiteElo "2412"]
[BlackElo "2510"]

1.e4 c5 2.Nf3 d6 3.Bb5+ Bd7 4.Bxd7+ Nxd7 5.O-O Ngf6 6.d3 g6 7.Ng5 Bg7 8.f4 e6
9.Nc3 O-O 10.Qf3 Qe7 11.Bd2 b5 12.Nxb5 h6 13.Nh3 Rab8 14.Nxa7 Rxb2 15.Nc6 Qe8
16.Rfb1 Rxc2 17.Qd1 Rxd2 18.Qxd2 Ng4 19.e5 dxe5 20.Qe2 h5 21.a4 exf4 22.Ra3 Ndf6
23.Ne5 Nxe5 24.Qxe5 Nd5 25.Qd6 Qa8 26.Qxc5 Rc8 27.Qf2 Ne3 28.Qf3 Qa5 29.Ra2 Qc5
30.Kh1 Nd5 31.Rf1 e5 32.a5 Rc7 33.a6 Ra7 34.Qe4 Nc3 35.Qc4 Qxc4  0-1

[Event "24th Open"]
[Site "Bad Woerishofen GER"]
[Date "2008.03.02"]
[Round "4"]
[White "Dornreiter,M"]
[Black "Reinke,K"]
[Result "0-1"]
[WhiteElo "1857"]
[BlackElo "1989"]

1.e4 c5 2.Nf3 d6 3.Bb5+ Bd7 4.Bxd7+ Qxd7 5.Nc3 Nc6 6.d4 cxd4 7.Nxd4 Nf6 8.f3 e6
9.Be3 Be7 10.O-O O-O 11.Nde2 Ne5 12.Bg5 Rac8 13.b3 Qc7 14.Qd2 Rfd8 15.Rad1 d5
16.exd5 Nxd5 17.Nxd5 Rxd5 18.Qe3 Bxg5 19.f4 Ng4 20.Qg3 Qb6+ 21.Kh1 Rxd1  0-1

[Event "24th Open"]
[Site "Bad Woerishofen GER"]
[Date "2008.03.02"]
[Round "4"]
[White "Strasser,J GER"]
[Black "Bischoff,D"]
[Result "1/2-1/2"]
[WhiteElo "1955"]
[BlackElo "2155"]

1.e4 c5 2.Nf3 d6 3.Bb5+ Nd7 4.d4 Nf6 5.O-O Nxe4 6.Re1 Nf6 7.dxc5 dxc5 8.Bc4 h6
9.Bf4 Qb6 10.Nc3 a6 11.Ne5 Nxe5 12.Bxe5 Bg4 13.Qd2 Bh5 14.Qf4 Qc6 15.f3 Bg6
16.Bxf6 Qxf6 17.Qxf6 gxf6 18.Nd5 Rc8 19.Nxf6+ Kd8 20.Rad1+  1/2-1/2

[Event "TCh-HUN 2007-8"]
[Site "Budapest HUN"]
[Date "2008.03.02"]
[Round "7"]
[White "Pergel,L"]
[Black "Veszpremi,A"]
[Result "0-1"]
[WhiteElo "2327"]
[BlackElo "2156"]

1.e4 c5 2.Nf3 d6 3.Bb5+ Bd7 4.Bxd7+ Qxd7 5.c4 Nc6 6.d4 cxd4 7.Nxd4 Nf6 8.Nc3 Rc8
9.b3 g6 10.f3 Bg7 11.Be3 O-O 12.Rc1 a6 13.O-O Rfd8 14.Na4 Qc7 15.Nxc6 Qxc6
16.Nb6 Rb8 17.Qd2 e6 18.Rfd1 Nd7 19.Qxd6 Nxb6 20.Qxd8+ Rxd8 21.Rxd8+ Bf8
22.c5 Nd7 23.Rd1 Nf6 24.e5 Ne8 25.b4 Kg7 26.Bg5 h6 27.Bf6+ Kg8 28.Kf2 Qa4
29.R1d7 Qxa2+ 30.Kg3 Ng7 31.Rxb7 g5 32.Bxg7 Kxg7 33.Rdd7 Qe2 34.Rxf7+ Kg8
35.h3 h5 36.f4 Qe3+ 37.Kh2 gxf4 38.c6 Qxe5 39.Rxf8+ Kxf8 40.c7 f3+ 41.Kg1 Qe3+
42.Kh2 Qf4+ 43.Kg1 Qc1+ 44.Kh2 Qc2 45.Kg3 h4+ 46.Kf4 f2 47.Rb8+ Kg7 48.c8=Q f1=Q+
49.Ke5  0-1

[Event "58th ch-RUS w 1st liga"]
[Site "Smolensk RUS"]
[Date "2008.03.02"]
[Round "5"]
[White "Kuznetsova,T"]
[Black "Kalmykova,A"]
[Result "0-1"]
[WhiteElo "2051"]
[BlackElo "2124"]

1.e4 c5 2.Nf3 d6 3.Bb5+ Bd7 4.Bxd7+ Qxd7 5.c4 Nc6 6.d4 cxd4 7.Nxd4 g6 8.Nc3 Bg7
9.Be3 Nf6 10.f3 O-O 11.O-O Rac8 12.b3 Rfd8 13.Rc1 b6 14.Qd2 Nxd4 15.Bxd4 Qb7
16.Rfd1 Rd7 17.Qf2 Rcd8 18.Nd5 Nxd5 19.Bxg7 Kxg7 20.exd5 Rc8 21.Re1 Rdc7
22.Qd4+ f6 23.Re6 b5 24.Rce1 bxc4 25.bxc4 Kf7 26.Qh4 h5 27.Qf4 Rh8 28.c5 Rxc5
29.Rxe7+ Qxe7 30.Rxe7+ Kxe7 31.Qe4+ Kf7 32.Qe6+ Kg7 33.Qxd6 Rc1+ 34.Kf2 Rf8
35.Kg3 Rc2 36.a4 Rf7 37.Qb4 Re2 38.Qb5 Rd2 39.Qc6 h4+ 40.Kxh4 Rxg2 41.Kh3 Rg1
42.Qc2 f5 43.d6 f4 44.Qd3 Kf8  0-1

[Event "58th ch-RUS w 1st liga"]
[Site "Smolensk RUS"]
[Date "2008.03.02"]
[Round "5"]
[White "Manakova,I"]
[Black "Romanko,M"]
[Result "1/2-1/2"]
[WhiteElo "2200"]
[BlackElo "2322"]

1.e4 c5 2.Nf3 d6 3.Bb5+ Nc6 4.Bxc6+ bxc6 5.e5 dxe5 6.Nxe5 Qd5 7.Nf3 Bg4 8.Nc3 Bxf3
9.Qxf3 Qxf3 10.gxf3 e6 11.d3 Nf6 12.Be3 Be7 13.Ne4 Nd7 14.O-O-O Rg8 15.b3 h6
16.Rhg1 f5 17.Nd2 Kf7 18.Nc4 g5 19.Rde1 h5 20.h3 Rg6 21.Rg2 Rag8 22.Reg1 a6
23.a4 h4 24.Kd1 R8g7 25.Bc1 Bf6 26.Be3 Be7 27.Bc1 Bf6  1/2-1/2

[Event "4NCL 2007-8"]
[Site "Wokefield Park ENG"]
[Date "2008.03.02"]
[Round "8"]
[White "Briscoe,C"]
[Black "Marlow,M"]
[Result "1-0"]
[WhiteElo "2268"]
[BlackElo "2269"]

1.e4 c5 2.Nf3 d6 3.Bb5+ Bd7 4.Bxd7+ Qxd7 5.O-O Nc6 6.c3 Nf6 7.d4 e5 8.d5 Nb8
9.Qe2 g6 10.Ng5 Bg7 11.f4 exf4 12.e5 dxe5 13.Qxe5+ Qe7 14.Qxe7+ Kxe7 15.Bxf4 Rf8
16.Na3 Nxd5 17.Rfe1+ Kd7 18.Rad1 Kc6 19.Rxd5 Kxd5 20.Rd1+ Kc6 21.Rd6+ Kc7
22.Rxg6+ Kc8 23.Rxg7 Nc6  1-0

[Event "4th Rectors Cup"]
[Site "Belgorod RUS"]
[Date "2008.03.04"]
[Round "9"]
[White "Uzhva,A"]
[Black "Benza,A"]
[Result "0-1"]
[WhiteElo "2261"]
[BlackElo "2333"]

1.e4 c5 2.Nf3 d6 3.Bb5+ Nc6 4.Nc3 Bd7 5.a4 g6 6.O-O Bg7 7.d3 e6 8.Ne1 Nge7
9.f4 O-O 10.Nf3 a6 11.Bc4 Rb8 12.Ne2 b5 13.axb5 axb5 14.Bb3 d5 15.c3 c4 16.Bc2 b4
17.dxc4 dxc4 18.Nfd4 b3 19.Bb1 Qc7 20.e5 Nxd4 21.Nxd4 Rfd8 22.Qf3 Nf5 23.Be3 Nxe3
24.Qxe3 Bf8 25.g4 Bc5 26.f5 exf5 27.gxf5 Re8 28.e6 fxe6 29.fxg6 e5 30.Qh6 Be6
31.gxh7+ Kh8  0-1

[Event "10th WCh-University"]
[Site "Novokuznetsk RUS"]
[Date "2008.03.04"]
[Round "1"]
[White "Soozankar,A"]
[Black "Zhou Jianchao"]
[Result "1/2-1/2"]
[WhiteElo "2253"]
[BlackElo "2551"]

1.e4 c5 2.Nf3 d6 3.Bb5+ Bd7 4.Bxd7+ Nxd7 5.O-O Ngf6 6.Re1 e6 7.c3 Be7 8.d4 cxd4
9.cxd4 d5 10.e5 Ne4 11.Qd3 O-O 12.Nbd2 Nxd2 13.Bxd2 Qb6 14.Bg5 Bb4 15.Bd2 Bxd2
16.Qxd2 Rac8 17.Rec1 Qa6 18.a3 Nb6 19.Rxc8 Rxc8 20.Rc1 Rxc1+ 21.Qxc1 Qc4
22.Qg5 Qc7 23.b3 a5 24.a4 Nc8 25.g3 Ne7 26.Kg2 Nc6 27.Qc1 Qb6 28.Qc3 Qb4
29.Qxb4 Nxb4 30.Kf1 f6 31.Ke2 Nc6 32.exf6 gxf6 33.Ke3 Kf7 34.Ne1 e5 35.dxe5 fxe5
36.f4 exf4+ 37.Kxf4 Kf6 38.Nf3 Nb4 39.Ne5 Na6 40.Nd3 b6 41.Ke3 Nc5 42.Nf4 Ke5
43.Nd3+ Nxd3 44.Kxd3 d4 45.g4 Kd5 46.h4 Ke5 47.g5 Kf5 48.Kxd4 Kg4 49.Ke4 Kh5
50.Kf5 Kxh4 51.Kf4 Kh3 52.Kf3 Kh2 53.Kf2 Kh1 54.Kf1 Kh2 55.Kf2 Kh3 56.Kf3 Kh4
57.Kf4 Kh5 58.Kf5 Kh4  1/2-1/2

[Event "10th WCh-University w"]
[Site "Novokuznetsk RUS"]
[Date "2008.03.04"]
[Round "1"]
[White "Tajik,S"]
[Black "Dauletova,G"]
[Result "0-1"]
[WhiteElo "1992"]
[BlackElo "2261"]

1.e4 c5 2.Nf3 d6 3.Bb5+ Bd7 4.Bxd7+ Qxd7 5.O-O Nc6 6.b3 Nf6 7.Re1 g6 8.Bb2 Bg7
9.c3 O-O 10.d4 cxd4 11.cxd4 d5 12.e5 Ne8 13.Nc3 Nc7 14.Qd2 Ne6 15.Ne2 b5
16.Nc1 a5 17.Nd3 Qa7 18.Nc5 Nxc5 19.dxc5 Qxc5 20.Rac1 Qb6 21.Qxd5 Nb4 22.Qe4 Nxa2
23.Bd4 Qe6 24.Rc5 Rab8 25.Re3 Bh6 26.Rc6 Qd7 27.e6 fxe6 28.Ne5 Qd5 29.Nxg6 Qxe4
30.Nxe7+ Kf7 31.Rxe4 Bg5 32.Rcxe6 Rfe8 33.Nc6 Rxe6 34.Rxe6 Rc8 35.Rd6 Nb4
36.Ne5+ Ke7 37.Rd7+ Ke6 38.g3 Nc6 39.Nxc6 Kxd7 40.f4 Rxc6 41.fxg5 a4 42.bxa4 bxa4
43.Bb2 Rc2 44.Ba3 Rc3 45.Bb2 Rb3 46.Be5 a3 47.h4 Ke6 48.Bd4 a2 49.Kg2 Kf5
50.Kh3 Rb1 51.Bf6 a1=Q 52.g4+ Kf4 53.Bxa1 Rxa1  0-1

[Event "10th WCh-University"]
[Site "Novokuznetsk RUS"]
[Date "2008.03.05"]
[Round "3"]
[White "Soozankar,A"]
[Black "Battulga,N"]
[Result "0-1"]
[WhiteElo "2253"]
[BlackElo "2306"]

1.e4 c5 2.Nf3 d6 3.Bb5+ Nc6 4.O-O Bd7 5.Re1 Nf6 6.c3 a6 7.Bxc6 Bxc6 8.d4 Bxe4
9.Bg5 Bd5 10.Nbd2 c4 11.b3 b5 12.bxc4 bxc4 13.Bxf6 gxf6 14.Nh4 Qd7 15.Qh5 Qc6
16.f3 e6 17.Nf5 Be7 18.Ne3 f5 19.Rab1 h6 20.a4 Kf8 21.Rb4 Bg5 22.a5 Rh7 23.Ndf1 Rg7
24.Kf2 Bd8 25.Ra1 f4 26.Nd1 Rg6 27.g3 fxg3+ 28.hxg3 Kg7 29.f4 e5 30.Nde3 exf4
31.gxf4 Be4 32.Ng3 d5 33.Nxe4 dxe4 34.Rxc4 Qd7 35.Rb1 Rc8 36.Rxc8 Qxc8 37.c4 Bf6
38.Qf5 Qc6 39.Rb6 Qa4 40.Qxe4 Qxa5 41.Nf5+ Kh7 42.Rb2 Qc3 43.Rc2 Qa1 44.Rd2 Qc1
45.Qe2 Bh4+ 46.Nxh4 Qg1+ 47.Kf3 Qg4+ 48.Ke3 Re6+ 49.Kd3 Rxe2 50.Rxe2 Qxh4
51.c5 Qg3+ 52.Re3 Qxf4 53.d5 Qb4 54.c6 Qc5 55.Ke4 f5+  0-1

[Event "XXIII Open"]
[Site "Reykjavik ISL"]
[Date "2008.03.06"]
[Round "4"]
[White "Malisauskas,V"]
[Black "Wang Hao"]
[Result "0-1"]
[WhiteElo "2489"]
[BlackElo "2665"]

1.e4 c5 2.Nf3 d6 3.Bb5+ Nc6 4.d4 cxd4 5.Qxd4 Bd7 6.Bxc6 Bxc6 7.Nc3 Nf6 8.Bg5 e6
9.O-O-O Be7 10.Rhe1 O-O 11.e5 dxe5 12.Qh4 Qc7 13.Nxe5 Rac8 14.Ng4 Nd5 15.Rxd5 f6
16.Nxf6+ Bxf6 17.Rd3 Bxg5+ 18.Qxg5 Rxf2 19.g3 Rxh2 20.Rxe6 h6 21.Qe3 Rh1+
22.Kd2 Qf7 23.Red6 Kh7 24.R3d4 Re8 25.Qd3+ Kh8 26.Rd8 Rh2+ 27.Kc1 Rh1+ 28.Kd2 Re1
29.Rxe8+ Rxe8 30.Rd8 a6 31.Rxe8+ Qxe8 32.Ne2 Qe5 33.Nf4 Be4 34.Qd8+ Kh7 35.c3 Qf5
36.Qe7 Bc6 37.Ke3 Qg4 38.Ne2 Qf3+ 39.Kd2 Qd5+ 40.Nd4 Qxa2 41.Qb4 Qd5 42.Qf8 Qg5+
43.Qf4 Kg6 44.Ke3 Qxf4+ 45.gxf4 Kf6 46.c4 g5 47.b4 h5 48.fxg5+ Kxg5 49.Nxc6 bxc6
50.Kd4 h4 51.Kc5 h3 52.Kxc6 h2  0-1

[Event "Varsity Match"]
[Site "London ENG"]
[Date "2008.03.08"]
[Round "1"]
[White "Eckersley Waites,T"]
[Black "Wu,L"]
[Result "0-1"]
[WhiteElo "2215"]
[BlackElo "2344"]

1.e4 c5 2.Nf3 d6 3.Bb5+ Bd7 4.Bxd7+ Qxd7 5.O-O Nc6 6.c3 Nf6 7.d4 cxd4 8.cxd4 d5
9.e5 Ng8 10.Nc3 e6 11.b3 Bb4 12.Ne2 Nge7 13.a3 Ba5 14.b4 Bd8 15.Ng3 Ng6 16.Qd3 O-O
17.Bd2 a5 18.b5 Na7 19.a4 Nc8 20.Ng5 Bxg5 21.Bxg5 f5 22.exf6 gxf6 23.Bh6 Rf7
24.Rfe1 Nd6 25.Ra2 Re8 26.Rae2 Nc4 27.Nf5 Nd6 28.Nxd6 Qxd6 29.Qc3 e5 30.Qxa5 e4
31.b6 f5 32.Rc2 Nh4 33.Bg5 Nxg2 34.Kxg2 Rg7 35.h4 h6 36.Qc5 Qe6 37.Kf1 hxg5
38.h5 f4 39.Ke2 g4 40.h6 Rd7 41.Kd1 Qxh6 42.Qb5 Qg7 43.Kc1 g3 44.f3 Red8
45.fxe4 Qxd4 46.e5 f3 47.Qf1 f2 48.Rd1 Qa1+ 49.Kd2 Qxe5 50.Qh3 Qf4+ 51.Kc3 Rd6
52.Rh1 Rc6+ 53.Kb3 Rxb6+ 54.Kc3 Qe3+  0-1

[Event "19th PSPB Inter TCh"]
[Site "Ooty IND"]
[Date "2008.03.09"]
[Round "4"]
[White "Sandipan,C"]
[Black "Arun Prasad,S"]
[Result "1/2-1/2"]
[WhiteElo "2593"]
[BlackElo "2423"]

1.e4 c5 2.Nf3 d6 3.Bb5+ Nd7 4.c3 Nf6 5.Qe2 a6 6.Ba4 b5 7.Bc2 e5 8.d4 Be7
9.O-O O-O 10.a4 Bb7 11.d5 c4 12.Be3 Ng4 13.Na3 Nxe3 14.Qxe3 Nc5 15.Rab1 Qd7
16.Nd2 h6 17.Qe2 f5 18.exf5 Bxd5 19.axb5 axb5 20.Rfd1 Bc6 21.f3 Nd3 22.Bxd3 cxd3
23.Qxd3 d5 24.Nc2 Qxf5 25.Qxf5 Rxf5 26.Nf1 Rf7 27.Nfe3 Bc5 28.Kh1 Rd7 29.Ng4 Re8
30.Re1 Rde7 31.Rbd1 h5 32.Nge3 Rd7 33.Nf5 Rdd8 34.Rd2 g6 35.Nfe3 Rd7 36.Nf1 Kf7
37.Red1 Red8 38.Re1 Kf6 39.Rde2 Re7 40.Nd2  1/2-1/2

[Event "XXIII Open"]
[Site "Reykjavik ISL"]
[Date "2008.03.11"]
[Round "9"]
[White "Bojkov,D"]
[Black "Gaponenko,I"]
[Result "0-1"]
[WhiteElo "2523"]
[BlackElo "2422"]

1.e4 c5 2.Nf3 d6 3.Bb5+ Bd7 4.Bxd7+ Qxd7 5.c4 Nf6 6.Nc3 g6 7.O-O Bg7 8.d4 cxd4
9.Nxd4 O-O 10.Be3 Rc8 11.b3 a6 12.a4 Nc6 13.f3 e6 14.Rc1 d5 15.cxd5 exd5
16.Nxc6 bxc6 17.e5 Ne8 18.f4 f6 19.Bc5 fxe5 20.fxe5 Nc7 21.Ne4 Bxe5 22.Ng5 Re8
23.Rf7 Qd8 24.Qg4 h5 25.Qh4 Ne6 26.Be3 Nxg5 27.Bxg5 Qb6+  0-1